| 000 | 00658nam a2200217Ii 4500 | ||
|---|---|---|---|
| 003 | JO-AjNU | ||
| 008 | 230605s9999||||xx |||||||||||||| ||und|| | ||
| 020 | _a2-7214-4914-1 | ||
| 040 |
_aJO-AjNU _bara _erda _cJO-AjNU |
||
| 041 | _aara | ||
| 050 | 1 | 4 | _aBS315.A62.2000 |
| 100 | 3 |
_aالكتاب المقدس, _eauthor _956423 |
|
| 245 | 0 | 0 | _a الكتاب المقدس : أنا الألف والياء |
| 250 | _aط6 | ||
| 264 | 3 | 1 | _aبيروت: دار المشرق، 2000 |
| 300 | _a892ص | ||
| 336 |
_atext _btxt _2rdacontent |
||
| 337 |
_aunmediated _bn _2rdamedia |
||
| 338 |
_avolume _bnc _2rdacarrier |
||
| 650 | 4 |
_aالكتاب المقدس _956424 |
|
| 999 |
_aA25224 _c28792 _d28792 |
||